Countries of Africa by Size - Statistics

General Stats
  • This quiz has been taken 245 times
  • The average score is 20 of 54
Answer Stats
Size (sq. km) Country # % Correct
2,381,741 Algeria 1
99%
1,861,484 Sudan 3
85%
1,759,540 Libya 4
83%
1,267,000 Niger 6
79%
1,284,000 Chad 5
78%
2,344,858 D.R.Congo 2
78%
1,219,090 South Africa 9
75%
1,240,192 Mali 8
74%
1,246,700 Angola 7
72%
1,001,450 Egypt 12
71%
1,104,300 Ethiopia 10
69%
1,030,700 Mauritania 11
66%
947,300 Tanzania 13
64%
923,768 Nigeria 14
56%
824,292 Namibia 15
55%
799,380 Mozambique 16
53%
752,618 Zambia 17
48%
712,550 Morocco 18
41%
455 Seychelles 54
38%
637,657 Somalia 20
37%
964 Sao Tome and Principe 53
36%
2,235 Comoros 51
35%
644,329 South Sudan 19
35%
587,041 Madagascar 22
34%
2,040 Mauritius 52
34%
4,033 Cape Verde 50
33%
580,367 Kenya 24
33%
622,984 Central African Rep. 21
31%
581,730 Botswana 23
30%
475,440 Cameroon 25
26%
11,295 Gambia 49
25%
26,338 Rwanda 46
25%
30,355 Lesotho 43
24%
27,830 Burundi 45
23%
390,757 Zimbabwe 26
22%
17,364 Swaziland 48
20%
112,622 Benin 38
18%
23,200 Djibouti 47
18%
28,051 Equatorial Guinea 44
18%
342,000 Rep. of the Congo 27
18%
274,200 Burkina Faso 29
17%
267,667 Gabon 30
17%
245,857 Guinea 31
16%
36,125 Guinea-Bissau 42
16%
56,785 Togo 41
16%
117,600 Eritrea 37
15%
238,533 Ghana 33
15%
118,484 Malawi 36
15%
241,038 Uganda 32
15%
196,722 Senegal 34
12%
71,740 Sierra Leone 40
12%
111,369 Liberia 39
11%
163,610 Tunisia 35
9%
322,463 Cote d'Ivoire 28
8%
No matching quizzes found
Score Distribution
Percent of People with Each Score
Percentile by Number Answered
Your Score History
You have not taken this quiz